000 00449nam a22001691a 4500
020 _a9788170811701
082 _aS 294.592 6
_bMAR/S
100 _aMarkandaiya
_9141677
100 _aLaugakshi
_9141678
245 _aSmriti Sandarbha (vol.4)/
_cby Markandaiya and Laugakshi
260 _aDelhi:
_bNag,
_c1988.
300 _a1880-2528p.
650 _aDharmashastra
_9141679
650 _aHinduism
_9141680
650 _aReligion
_9141681
942 _cBK
999 _c42387
_d42387